[Event "GER M08-C email"]
[Site "GER email"]
[Date "2019.06.19"]
[Round "?"]
[White "Haugen, Arild"]
[Black "Kovac, Stanko"]
[Result "1/2-1/2"]
[WhiteElo "2400"]
[BlackElo "2410"]
[PlyCount "46"]
[EventDate "2019.??.??"]
[EventType "tourn (corr)"]
[EventRounds "10"]
[EventCountry "GER"]
[SourceTitle "Corr 2022"]
[Source "ChessBase"]
[SourceDate "2021.10.24"]
[SourceVersion "1"]
[SourceVersionDate "2021.10.24"]
[SourceQuality "1"]

1. e4 c5 2. Nf3 Nc6 3. d4 cxd4 4. Nxd4 e6 5. Nc3 Qc7 6. Be3 a6 7. Qd2 Nf6 8. f4 Bb4 9. Bd3 Na5 10. a3 Bxc3 11. Qxc3 Qxc3+ 12. bxc3 d5 13. exd5 exd5 14. Nb3 Nc4 15. Bd4 Ne4 16. Nc5 Nxc5 17. Bxc5 Bd7 18. 0-0 0-0-0 19. Bd4 f6 20. Rfe1 Rde8 21. Rxe8+ Bxe8 22. g4 Bg6 23. Kf2 Be4 1/2-1/2

[Event "GER M08-C email"]
[Site "GER email"]
[Date "2019.06.19"]
[Round "?"]
[White "Kovac, Stanko"]
[Black "Bars, Joachim"]
[Result "1/2-1/2"]
[WhiteElo "2410"]
[BlackElo "2407"]
[PlyCount "88"]
[EventDate "2019.??.??"]
[EventType "tourn (corr)"]
[EventRounds "10"]
[EventCountry "GER"]
[SourceTitle "Corr 2022"]
[Source "ChessBase"]
[SourceDate "2021.10.24"]
[SourceVersion "1"]
[SourceVersionDate "2021.10.24"]
[SourceQuality "1"]

1. d4 d5 2. c4 Nf6 3. Nc3 e6 4. Nf3 c6 5. Bg5 h6 6. Bh4 dxc4 7. e4 g5 8. Bg3 b5 9. Be2 Bb7 10. 0-0 Nbd7 11. Ne5 Bg7 12. Nxd7 Nxd7 13. Bd6 a6 14. a4 b4 15. Bxb4 Qb6 16. Ba3 Qxd4 17. Qc2 c5 18. Rad1 Qe5 19. Bxc4 Qc7 20. Ne2 Be5 21. Kh1 0-0 22. b3 Nf6 23. Ng3 Rfd8 24. Rde1 Rd7 25. Bb2 Rad8 26. Bc3 h5 27. f3 h4 28. Ne2 Kh7 29. Nc1 Nh5 30. Bxe5 Qxe5 31. Nd3 Rxd3 32. Bxd3 Ng3+ 33. Kg1 Nxf1 34. Bxf1 f5 35. Rc1 Qd4+ 36. Qf2 fxe4 37. fxe4 Bxe4 38. Rxc5 Kg6 39. Qxd4 Rxd4 40. Bxa6 Bd5 41. a5 Bxb3 42. Bb7 Bd5 43. a6 Bxb7 44. axb7 Rb4 1/2-1/2